| 000 | 00536nam a2200145 a 4500 | ||
|---|---|---|---|
| 001 | 000036214 | ||
| 005 | 20240307073942.0 | ||
| 008 | 120111s2011 dr 000 0 spa d | ||
| 040 |
_aDO-SdBNP _bspa _cBNPHU |
||
| 082 |
_axxxx _bI59r |
||
| 110 | 2 |
_aInstituto Tecnológico de Santo Domingo _978911 |
|
| 245 | 1 | 0 |
_aReglamento general de trabajo final y de tesis : _baprobado en Consejo Académico mediante su resolución No. 03-05/2010. |
| 260 |
_aSanto Domingo : _bInstituto Tecnológico de Santo Domingo, _c2011. |
||
| 300 |
_a47 p. ; _c21 cm. |
||
| 999 |
_c35705 _d35705 |
||